FAO economic and social development series N.51 Commodity review and outlook 1992 - 1993
Đã lưu trong:
| Hovedforfatter: | |
|---|---|
| Format: | Bog |
| Sprog: | Undetermined |
| Udgivet: |
Rome
FAO
1993
|
| Fag: | |
| Tags: |
Tilføj Tag
Ingen Tags, Vær først til at tagge denne postø!
|
| Thư viện lưu trữ: | Trung tâm Học liệu Trường Đại học Cần Thơ |
|---|
| LEADER | 00578nam a2200193Ia 4500 | ||
|---|---|---|---|
| 001 | CTU_3653 | ||
| 008 | 210402s9999 xx 000 0 und d | ||
| 082 | |a 330 | ||
| 082 | |b S487/N.51 | ||
| 100 | |a FAO | ||
| 245 | 0 | |a FAO economic and social development series N.51 | |
| 245 | 0 | |b Commodity review and outlook 1992 - 1993 | |
| 245 | 0 | |c FAO | |
| 260 | |a Rome | ||
| 260 | |b FAO | ||
| 260 | |c 1993 | ||
| 650 | |a commercial products,economics,forecasting,production,trade | ||
| 904 | |i Nguyễn Quang Điền, 960530 | ||
| 980 | |a Trung tâm Học liệu Trường Đại học Cần Thơ | ||